| 000 | 02598nam0a2200385 i 4500 | ||
|---|---|---|---|
| 001 | RU\NLR\BIBL_A\011447040 | ||
| 005 | 20260409063131.0 | ||
| 010 |
_a9785897815692 _9500 |
||
| 021 |
_aRU _b2017-49998 _93586 |
||
| 035 | _a(RuMoRGB)008856184 | ||
| 035 | _a(NLR Aleph) 011447040 | ||
| 090 |
_a11733061 _c11733061 |
||
| 100 | _a20170801d2016 km y0rusy50 ca | ||
| 101 | 0 | _arus | |
| 102 | _aRU | ||
| 105 | _ay|||z|||000zy | ||
| 200 | 1 |
_aУправление социально-экономическим развитием и туристско-рекреационной деятельностью на федеральном, региональном и местном уровнях: типологический подход _eмонография _f[Белов В. И., Десятниченко Д. Ю., Десятниченко О. Ю. и др. _gпод ред. В. А. Шамахова (отв. ред.) и др.] _gФедеральное государственное бюджетное образовательное учреждение высшего образования "Российская академия народного хозяйства и государственной службы при Президенте Российской Федерации", Северо-Западный институт управления |
|
| 210 |
_aСанкт-Петербург _cИПЦ СЗИУ _d2016 |
||
| 215 |
_a174 с. _cил., табл. _d20 |
||
| 300 | _aАвт. указаны на обороте тит. л. | ||
| 320 | _aБиблиогр.: с. 162-166 (67 назв.) | ||
| 606 | 1 |
_aТуризм _xУправление _yРоссийская Федерация _92234419 _3RU\NLR\AUTH\661341017 |
|
| 607 |
_aРегионы Российской Федерации _xСоциально-экономическое развитие _92259176 _3RU\NLR\AUTH\6601584603 |
||
| 686 | 1 | _aЧ518.14(2Р)к | |
| 686 | 1 | _aУ21(2)9(2Р) | |
| 701 | 1 |
_7ca _8rus _aБелов _bВ. И. _cканд. экон. наук _gВалерий Игоревич _9172709 _3RU\NLR\AUTH\770172760 |
|
| 701 | 1 |
_aДесятниченко _bД. Ю. _gДмитрий Юрьевич |
|
| 701 | 1 |
_aДесятничеко _bО. Ю. _gОлеся Юрьевна |
|
| 702 | 1 |
_aШамахов _bВ. А. _f1952- _gВладимир Александрович _4340 |
|
| 712 | 0 | 2 |
_4570 _aСеверо-Западный институт управления _cСанкт-Петербург _3RU\NLR\AUTH\8810241479 _9368884 |
| 942 | _cBOOK | ||
| 980 | _aNBR | ||